Παλιές και νέες τάξεις πραγμάτων
Αποθηκεύτηκε σε:
| Κύριος συγγραφέας: | |
|---|---|
| Άλλοι συγγραφείς: | |
| Μορφή: | Βιβλίο |
| Γλώσσα: | Greek English |
| Δημοσίευση: |
Αθήνα :
Λιβάνης,
1996.
|
| Σειρά: | Λόγος
|
| Θέματα: | |
| Ετικέτες: |
Προσθήκη ετικέτας
Δεν υπάρχουν, Καταχωρήστε ετικέτα πρώτοι!
|
MARC
| LEADER | 00000cam a2200000 i 4500 | ||
|---|---|---|---|
| 001 | 1/8918 | ||
| 008 | 000727s1996 gr | ||| |||| ||gre|| | ||
| 020 | |a 9602366176 | ||
| 035 | |l 10062859 | ||
| 040 | |a GR-MyUA |b gre |e AACR2 | ||
| 041 | 1 | |a gre |h eng | |
| 082 | 0 | |a 327.101 | |
| 100 | 1 | |a Chomsky, Noam, |d 1928- | |
| 245 | 1 | 0 | |a Παλιές και νέες τάξεις πραγμάτων / |c Νόαμ Τσόμσκι ; μετάφραση από τα αγγλικά Μαρία Αγγελίδου. |
| 260 | |a Αθήνα : |b Λιβάνης, |c 1996. | ||
| 300 | |a 636 σ. | ||
| 490 | 1 | |a (Λόγος) | |
| 500 | |a Τίτλος πρωτοτύπου: World orders old and new. | ||
| 650 | 0 | 0 | |a World politics |y 1945- |
| 650 | 0 | 0 | |a Jewish-Arab relations |y 1949- |
| 651 | 0 | |a Palestine |x Politics and government |y 1948- | |
| 700 | 1 | |a Αγγελίδου, Μαρία, |e trlf | |
| 830 | 0 | |a Λόγος | |
| 852 | |a INST |b LESVOS |e 20000727 |h 327.101 CHO |p 005100024095 |q 005100024095 |t BK |y 0 | ||
| 852 | |a INST |b RHODES |e 20011211 |h 327.101 CHO |p 005400016830 |q 005400016830 |t BK |y 0 | ||
| 901 | |a BIBL1-2000-2 | ||
| 901 | |a BIBL4-2001-3 | ||
| 909 | |a Λ |b 080750 | ||
| 909 | |a Ρ |b 085139 | ||
| 922 | |a 1ΕΛΗ |b 200007 |c ΚΠΣ/ΠΤΕ |d ΠΑΠΑΣΩΤΗΡΙΟΥ | ||
| 950 | |a 185-2000-07-07 | ||
| 970 | |a ΜΟΥΣΤΑΚΑ |b ΠΗΝΕΛΟΠΗ |z 2000/07/28 | ||